| 000 | 00416nam a22001697a 4500 | ||
|---|---|---|---|
| 003 | MPLRDC | ||
| 005 | 20220104114456.0 | ||
| 008 | 210129b ||||| |||| 00| 0 eng d | ||
| 082 | _a782.8411 LSM-5 | ||
| 100 | _a褚凌 译 | ||
| 245 |
_a唐太宗的智慧 _c |
||
| 260 |
_a _b泉源出版社 _c1987 |
||
| 300 | _b平 | ||
| 490 | _a智慧哲理丛书. 1 | ||
| 650 | _a李世民传记 | ||
| 942 |
_cBK _o782.8411 LSM-5 |
||
| 999 |
_c7764 _d7754 |
||